Gait analysis in cerebral palsy (Record no. 58659)

MARC details
000 -LEADER
fixed length control field 00457nam a22001577a 4500
008 - FIXED-LENGTH DATA ELEMENTS--GENERAL INFORMATION
fixed length control field 230426b ||||| |||| 00| 0 eng d
020 ## - INTERNATIONAL STANDARD BOOK NUMBER
International Standard Book Number 9780521412773
050 ## - LIBRARY OF CONGRESS CALL NUMBER
Classification number QP310
Item number .G34 1991
100 ## - MAIN ENTRY--PERSONAL NAME
Personal name Gage, James R
245 ## - TITLE STATEMENT
Title Gait analysis in cerebral palsy
260 ## - PUBLICATION, DISTRIBUTION, ETC. (IMPRINT)
Place of publication, distribution, etc Oxford :
Name of publisher, distributor, etc MacKeith Press,
Date of publication, distribution, etc 1991
300 ## - PHYSICAL DESCRIPTION
Extent xv, 206 p. :
Other physical details ill. ;
Dimensions 25 cm
650 ## - SUBJECT ADDED ENTRY--TOPICAL TERM
Topical term or geographic name as entry element Cerebral Palsy
Form subdivision diagnosis
650 ## - SUBJECT ADDED ENTRY--TOPICAL TERM
Topical term or geographic name as entry element Gait
Form subdivision in infancy & childhood
942 ## - ADDED ENTRY ELEMENTS (KOHA)
Source of classification or shelving scheme Library of Congress Classification
Item type Book
Holdings
Withdrawn status Lost status Source of classification or shelving scheme Damaged status Not for loan Collection code Home library Current library Shelving location Date acquired Source of acquisition Cost, normal purchase price Full call number Barcode Date last seen Copy number Price effective from Koha item type
    Library of Congress Classification     Non-fiction Bishop Okullu Memorial Library (Limuru Campus) Bishop Okullu Memorial Library (Limuru Campus) General Circulation 26/04/2023 donation 1600.00 QP310 .G34 1991 070121 26/04/2023 1 26/04/2023 Book